World`s Religion (Record no. 2366)
[ view plain ]
| 000 -LEADER | |
|---|---|
| fixed length control field | 00591nam a2200241 a 4500 |
| 020 ## - INTERNATIONAL STANDARD BOOK NUMBER | |
| ISBN | |
| 082 00 - DEWEY DECIMAL CLASSIFICATION NUMBER | |
| Classification number | 291 |
| Author Cutter | BRA |
| 100 ## - MAIN ENTRY--AUTHOR NAME | |
| Author name | Braden, Charles Samuel |
| 245 ## - TITLE STATEMENT | |
| Title | World`s Religion |
| Sub title | Short History. |
| 260 ## - PUBLICATION, DISTRIBUTION, ETC. (IMPRINT) | |
| Place of publication | New York |
| Name of publisher | Abingdon Press |
| Year of publication | 1954 |
| 300 ## - PHYSICAL DESCRIPTION | |
| Number of Pages | 256p |
| 500 ## - GENERAL NOTE | |
| General note | includes index and biblioraphy |
| 505 2# - FORMATTED CONTENTS NOTE | |
| Formatted contents note | Biblio, Index. |
| 650 ## - SUBJECT ADDED ENTRY--TOPICAL TERM | |
| Topical Term | Religion |
| 942 ## - ADDED ENTRY ELEMENTS (KOHA) | |
| Koha item type | Books |
| 700 1# - | |
| -- | Braden, Charles Samuel |
| Home library | Current library | Date acquired | Cost, normal purchase price | Full call number | Accession Number | Koha item type |
|---|---|---|---|---|---|---|
| Henry Martyn Institute Library | Henry Martyn Institute Library | 07/19/2007 | 100.00 | 291 BRA | 02775 | Binding Books |
